| 000 | 00560nam a2200157 i 4500 | ||
|---|---|---|---|
| 001 | 92107 | ||
| 003 | ES-MaACL | ||
| 005 | 20230906180911.0 | ||
| 007 | t| | ||
| 008 | 050221s1954 sp ||||1| spa d | ||
| 100 | 1 |
_aLeza, Jesús de. _972113 |
|
| 245 | 1 | 4 |
_aLos López Díaz de Haro, Señores de Vizcaya, y los Señores de Cameros en el Gobierno de la Rioja durante la Edad Media (1016-1334) / _cJesús de Leza. |
| 260 |
_a[s.l. : _bs.n., _c1954] ( _eLogroño : _fGráf. Librado Notario) |
||
| 300 |
_a65 p. ; _c25 cm. |
||
| 852 |
_aES-MaACL _j1962-F-15 _bR.36543 |
||
| 999 |
_c92107 _d92107 |
||